{"text_format":"2","workbook":"xlsx","n_sheets":6,"sheets":["Escopo de Fornecimento","CPU - ITEM 1","CPU - ITEM 2","COTAÇÕES","BDI","Det.Encargos Sociais"],"not_rendered":{"charts":0,"images":3,"macros":0,"external_links":0,"defined_names":1,"comments":0,"pivot_tables":0},"unopened":[],"bounds":{"document_bytes":16777216,"sheet_cells":100000,"run_cost":"one","rows_first":2000,"rows_last":500,"rows_between":2000,"halvings":0,"cell_chars":16384,"cell_head_chars":4096},"cells_cut":0,"cells_raw":0,"read":"whole","date_system":"1900"}

{"sheet":"Escopo de Fornecimento","index":0,"n_rows":59,"n_cols":8,"rows_kept":59,"cut":false,"hidden":false,"merged":[[11,0,11,4],[16,0,16,1],[23,0,23,1],[57,0,57,7],[58,2,58,4],[58,5,58,6],[32,1,32,7],[13,1,13,7]]}
[null,"                                                                     Ministério do Desenvolvimento Regional - MDR"]
[null,"                                                                     Companhia do Desenvolvimento dos Vales do São Francisco e Parnaíba"]
[null,"                                                                     Codevasf - Brasília"]
[]
[]
[]
["Objeto: Modernização da comporta da Jansen em São Luís/MA"]
[]
[]
[]
["Valores com o BDI inclusos e preços sinapi junho/22"]
["ESCOPO DE FORNECIMENTO E SERVIÇOS"]
[]
[1,"RECUPERAÇÃO DA INFRAESTRUTURA EXISTENTE, FORNECIMENTO E MONTAGEM DE COMPORTA E COMPLETO ACIONAMENTO"]
[{"$nulls":4},"DESONERADO C/BDI",null,"NÃO DESONERADO C/BDI"]
["Item","Descrição","Unid.","Qtd","Vlr Unitário","Vlr Total","Vlr Unitário","Vlr Total"]
["FORNECIMENTO"]
["1.2","Comporta deslizante em aço inoxidável 4 x 3 m, ítem 3.2.2 do T.R.","unid.",1,{"$f":"COTAÇÕES!K11","v":1020433.3333333333},{"$f":"D18*E18","v":1020433.3333333333},{"$f":"COTAÇÕES!L11","v":1020433.3333333333},{"$f":"D18*G18","v":1020433.3333333333}]
["1.3","Cilindro Hidráulico para acionamento da comporta, ítem 3.2.3.2 do T.R.","unid.",1,{"$f":"COTAÇÕES!K13","v":112699.99999999999},{"$f":"D19*E19","v":112699.99999999999},{"$f":"COTAÇÕES!L13","v":112699.99999999999},{"$f":"D19*G19","v":112699.99999999999}]
["1.4","Unidade Oleodinâmica para acionar o cilindro hidraúlico ítem 3.2.3.1 do T.R.","unid.",1,{"$f":"COTAÇÕES!K15","v":370185},{"$f":"E20*D20","v":370185},{"$f":"COTAÇÕES!L15","v":370185},{"$f":"G20*D20","v":370185}]
["1.5","Quadro de Comando Local ítem 3.2.4 do T.R.","unid.",1,{"$f":"COTAÇÕES!K17","v":106949.99999999999},106949.99999999999,{"$f":"COTAÇÕES!L17","v":106949.99999999999},106949.99999999999]
["1.6","Sensor de Nível ultrassônico alcance 20 metros","unid.",2,{"$f":"COTAÇÕES!K19","v":17250},{"$f":"D22*E22","v":34500},{"$f":"COTAÇÕES!L19","v":17250},34500]
["1.7","Licensa software Elipse","unid.",1,{"$f":"COTAÇÕES!K21","v":156400},{"$f":"E23*D23","v":156400},{"$f":"COTAÇÕES!L21","v":156400},156400]
["SERVIÇOS  "]
["1.8","Serviços de recuperação da infraestrutura existente, ítem 3.1.3 do T.R.","unid.",1,{"$f":"'CPU - ITEM 1'!K29","v":269097.87875000009},{"$f":"E25*D25","v":269097.87875000009},{"$f":"'CPU - ITEM 1'!L29","v":290421.36000000004},{"$f":"D25*G25","v":290421.36000000004}]
["1.9","Substituição da comporta, montagem do acionamento e testes","unid.",1,{"$f":"'CPU - ITEM 1'!K46","v":415095.15000000008},{"$f":"D26*E26","v":415095.15000000008},{"$f":"'CPU - ITEM 1'!L46","v":443713.20000000007},443713.20000000007]
["1.10","Montagem do Painél de Comando, comissionamento e start up local","unid.",1.5,{"$f":"'CPU - ITEM 1'!K55","v":79490.810000000012},119236.21500000003,{"$f":"'CPU - ITEM 1'!L55","v":85966.720000000001},128950.08]
["1.11","Desenvolvimento de Software de Gerenciamento","unid.",2,{"$f":"'CPU - ITEM 1'!K63","v":69658.225000000006},139316.45000000001,{"$f":"'CPU - ITEM 1'!L63","v":75936},151872]
[]
[null,"TOTAL DOS SERVIÇOS E FORNECIMENTOS",null,null,null,{"$f":"SUM(F17:F28)","v":2743914.0270833336},null,{"$f":"SUM(H17:H28)","v":2816124.9733333336}]
[]
[]
[2,"TELECOM"]
[{"$nulls":4},"DESONERADO C/BDI",null,"NÃO DESONERADO C/BDI"]
["Item","Descrição","Unid.","Qtd","Vlr Unitário","Vlr Total","Vlr Unitário","Vlr Total"]
[null,"FORNECIMENTO"]
["2.1","Torre de comunicação de 15m conforme item 3.3.1.2 do T.R.","unid.",2,{"$f":"COTAÇÕES!K23","v":93868.75},{"$f":"E37*D37","v":187737.5},{"$f":"COTAÇÕES!L23","v":93868.75},{"$f":"D37*G37","v":187737.5}]
["2.2","Poste 4 x 4 m antivandalismo para suporte sensor de nível","unid.",2,{"$f":"COTAÇÕES!K25","v":39509.399999999994},{"$f":"E38*D38","v":79018.799999999988},{"$f":"COTAÇÕES!L25","v":39509.399999999994},{"$f":"D38*G38","v":79018.799999999988}]
["2.3","Painél tipo Rack Telecon, ventilação, IP 66,  IP 67, resistência marinha","unid.",2,{"$f":"COTAÇÕES!K27","v":10772.805166666667},{"$f":"D39*E39","v":21545.610333333334},{"$f":"COTAÇÕES!L27","v":10772.805166666667},{"$f":"D39*G39","v":21545.610333333334}]
["2.4","Rádio PTP de 5Ghz","unid.",2,{"$f":"COTAÇÕES!K29","v":43079},{"$f":"D40*E40","v":86158},{"$f":"COTAÇÕES!L29","v":43079},{"$f":"D40*G40","v":86158}]
["2.5","Câmera espeed Dome PTZ, zoom ótico 32x, CMOS de 1/1.8\", infravermelho 200m","unid.",3,{"$f":"COTAÇÕES!K31","v":20700},{"$f":"E41*D41","v":62100},{"$f":"COTAÇÕES!L31","v":20700},{"$f":"G41*D41","v":62100}]
["2.6","Workstation para servidor elipse e cameras, windows 10, sata de 4 TB, etc","unid.",1,{"$f":"COTAÇÕES!K33","v":40250},40250,{"$f":"COTAÇÕES!L33","v":40250},40250]
["2.7","No Break tipo torre 220V/ 2.200VA, dysplay informativo, comunicação ethernet","unid.",4,{"$f":"COTAÇÕES!K35","v":11087.253499999999},44349.013999999996,{"$f":"COTAÇÕES!L35","v":11087.253499999999},44349.013999999996]
["2.8","CX de Cabo LAN CAT 6 F/UTP 4p x 23AWG – 305 metros – ANSI/TIA-568.2-D","unid.",2,{"$f":"COTAÇÕES!K37","v":3737.4999999999995},{"$f":"E44*D44","v":7474.9999999999991},{"$f":"COTAÇÕES!L37","v":3737.4999999999995},{"$f":"G44*D44","v":7474.9999999999991}]
["2.9","Bobina 500m Cabo maritimo blindado,não halogêno,antichama,condutor dreno flexivel","Unid.",1,{"$f":"COTAÇÕES!K39","v":14374.999999999998},{"$f":"E45*D45","v":14374.999999999998},{"$f":"COTAÇÕES!L39","v":14374.999999999998},{"$f":"G45*D45","v":14374.999999999998}]
[null,"SERVIÇOS  "]
["2.9","Estudo de Enlace","unid.",1,{"$f":"'CPU - ITEM 2'!K16","v":69658.225000000006},{"$f":"D47*E47","v":69658.225000000006},{"$f":"'CPU - ITEM 2'!L16","v":75936},75936]
["2.10","Montagem da torre e equipamentos (laguna Jansen)","unid.",1,{"$f":"'CPU - ITEM 2'!K33","v":156668.86374999999},{"$f":"D48*E48","v":156668.86374999999},{"$f":"'CPU - ITEM 2'!L33","v":170369.36000000007},170369.36000000007]
["2.11","Montagem da torre e equipamentos (edificio SINFRA)","unid.",1,{"$f":"'CPU - ITEM 2'!K49","v":204968.82874999999},{"$f":"D49*E49","v":204968.82874999999},{"$f":"'CPU - ITEM 2'!L49","v":223331.92000000007},223331.92000000007]
["2.12","Interligação, comissionamento e star-up Torre Laguna Jansen com Painél","unid.",1,{"$f":"'CPU - ITEM 2'!K59","v":147530.98499999999},147530.98499999999,{"$f":"'CPU - ITEM 2'!L59","v":161831.04000000001},161831.04000000001]
["2.13","Interligação, comissionamento e star-up Torre SINFRA com servidor ","unid.",1,{"$f":"'CPU - ITEM 2'!K69","v":147530.98499999999},147530.98499999999,{"$f":"'CPU - ITEM 2'!L69","v":161831.04000000001},161831.04000000001]
["2.14","Montagem de poste antivandalismo 4 x 4 m com equipamentos","unid.",2,{"$f":"'CPU - ITEM 2'!K81","v":49594.404999999999},99188.81,{"$f":"'CPU - ITEM 2'!L81","v":54308.800000000003},108617.60000000001]
["2.15","Interligação Sensor de nível do mar ao painél de comando","unid.",1,{"$f":"'CPU - ITEM 2'!K90","v":21850.71},21850.71,{"$f":"'CPU - ITEM 2'!L90","v":24001.600000000002},24001.600000000002]
["2.16","Interligação Sensor de nível da Laguna Jansen ao painél de comando","unid.",1,{"$f":"'CPU - ITEM 2'!K101","v":53602.009999999995},53602.009999999995,{"$f":"'CPU - ITEM 2'!L101","v":58723.840000000004},58723.840000000004]
["2.17","Start up TELECOM","unid.",1,{"$f":"'CPU - ITEM 2'!K115","v":107307.20000000001},107307.20000000001,{"$f":"'CPU - ITEM 2'!L115","v":201113.92},201113.92]
[]
[null,"TOTAL DOS SERVIÇOS E FORNECIMENTOS",null,null,null,{"$f":"SUM(F37:F55)","v":1551315.5418333332},null,{"$f":"SUM(H37:H55)","v":1728765.2443333336}]
[]
[null,"TOTAL DOS SERVIÇOS E FORNECIMENTOS",{"$nulls":5},{"$f":"H57+H30","v":4544890.217666667}]

{"sheet":"CPU - ITEM 1","index":1,"n_rows":63,"n_cols":12,"rows_kept":63,"cut":false,"hidden":false,"merged":[[7,0,7,6],[5,0,5,6]]}
[null,null,"                                                          Ministério do Desenvolvimento Regional - MDR"]
[null,null,"                                                          Companhia do Desenvolvimento dos Vales do São Francisco e Parnaíba"]
[null,null,"                                                          Codevasf - Brasília"]
[]
[]
["MODERNIZAÇÃO DA COMPORTA DA JANSEN"]
["*SINAPI MA jul/22"]
["1 - SERVIÇOS DE RECUPERAÇÃO, FORNECIMENTO E MONTAGEM DE COMPORTA COM ACIONAMENTO, ITEM 3.2 DO T.R. "]
[]
["Ítem","Sinapi","Discriminação","Unidade","Valor Unitário (R$)",null,"Valor unitário com BDI (R$)",null,"Quantidade",null,"Valor total com BDI (R$)"]
["1.8",null,"RECUPERAÇÃO DA INFRAESTRUTURA ITEM 3.1.3 DO T.R.",null,"Desonerado","Onerado","Desonerado","Onerado",null,null,"Desonerado","Onerado"]
[null,null,"MÃO-DE-OBRA"]
["1.8.1",90779,"ENGENHEIRO CIVIL RESPONSÁVEL PELA OBRA","H",137.38,158.83000000000001,{"$f":"E13*(1+BDI!D34)","v":184.08920000000001},{"$f":"F13*(1+BDI!D35)","v":203.30240000000003},525,"horas",{"$f":"G13*I13","v":96646.83},{"$f":"H13*I13","v":106733.76000000002}]
["1.8.2",88278,"MONTADOR DE ESTRUTURAS METÁLICAS","H",15.71,17.850000000000001,{"$f":"E14*(1+BDI!D34)","v":21.051400000000001},{"$f":"F14*(1+BDI!D35)","v":22.848000000000003},525,"horas",{"$f":"G14*I14","v":11051.985000000001},{"$f":"H14*I14","v":11995.2}]
["1.8.3",88240,"AJUDANTE DE ESTRUTURAS METALICAS","H",11.6,13.1,{"$f":"E15*(1+BDI!D34)","v":15.544},{"$f":"F15*(1+BDI!D35)","v":16.768000000000001},525,"horas",8160.6,8803.2000000000007]
["1.8.4",88265,"ELETRICISTA DE MANUTENÇÃO INDUSTRIAL","H",19.09,21.59,{"$f":"E16*(1+BDI!D34)","v":25.5806},{"$f":"F16*(1+BDI!D35)","v":27.635200000000001},525,"horas",13429.815000000001,14508.480000000001]
["1.8.5",88317,"SOLDADOR","H",19.57,22.02,{"$f":"E17*(1+BDI!D34)","v":26.223800000000001},{"$f":"F17*(1+BDI!D35)","v":28.185600000000001},525,"horas",13767.495000000001,14797.44]
["1.8.6",88272,"MAÇARIQUEIRO","H",19.239999999999998,21.65,{"$f":"E18*(1+BDI!D34)","v":25.781600000000001},{"$f":"F18*(1+BDI!D35)","v":27.712},525,"horas",13535.34,14548.8]
["1.8.7",88279,"MONTADOR ELETROMECÂNICO","H",23.35,26.52,{"$f":"E19*(1+BDI!D34)","v":31.289000000000005},{"$f":"F19*(1+BDI!D35)","v":33.945599999999999},525,"horas",{"$f":"G19*I19","v":16426.725000000002},{"$f":"H19*I19","v":17821.439999999999}]
["1.8.8",88243,"AJUDANTE ESPECIALIZADO","H",15.02,16.89,{"$f":"E20*(1+BDI!D34)","v":20.126799999999999},{"$f":"F20*(1+BDI!D35)","v":21.619200000000003},525,"horas",10566.57,11350.080000000002]
["1.8.9",88309,"PEDREIRO","H",18.87,21.34,{"$f":"E21*(1+BDI!D34)","v":25.285800000000002},{"$f":"F21*(1+BDI!D35)","v":27.315200000000001},525,"horas",13275.045,14340.48]
["1.8.10",88310,"PINTOR PARA TINTA EPÓXI","H",19.940000000000001,22.4,{"$f":"E22*(1+BDI!D34)","v":26.719600000000003},{"$f":"F22*(1+BDI!D35)","v":28.671999999999997},525,"horas",{"$f":"G22*I22","v":14027.79},{"$f":"H22*I22","v":15052.8}]
["1.8.11",100309,"TÉCNICO SEGURANÇA DO TRABALHO","H",23.14,26.54,{"$f":"E23*(1+BDI!D34)","v":31.007600000000004},{"$f":"F23*(1+BDI!D35)","v":33.971199999999996},525,"horas",16278.990000000002,17834.879999999997]
["1.8.12",100717,"LIXAMENTO MANUAL","M2",6.79,7.52,{"$f":"E24*(1+BDI!D34)","v":9.0986000000000011},{"$f":"F24*(1+BDI!D35)","v":9.6256000000000004},437.5,"m² (PERFIS + VIGAS)",{"$f":"G24*I24","v":3980.6375000000003},4211.2]
["1.8.13",100721,"PINTURA TIPO ZARCÃO","M2",20.3,21.59,{"$f":"E25*(1+BDI!D34)","v":27.202000000000002},{"$f":"F25*(1+BDI!D35)","v":27.635200000000001},437.5,"m² (PERFIS + VIGAS)",11900.875,12090.4]
["1.8.14",100757,"PINTURA DE ACABAMENTO","M2",39.85,42.44,{"$f":"E26*(1+BDI!D34)","v":53.399000000000008},{"$f":"F26*(1+BDI!D35)","v":54.3232},437.5,"m² (PERFIS + VIGAS)",23362.062500000004,23766.400000000001]
[null,null,"EQUIPAMENTOS"]
["1.8.15",83762,"GRUPO DE SOLDAGEM GERADOR A DIESEL","H",7.13,7.13,{"$f":"E28*(1+BDI!D34)","v":9.5541999999999998},{"$f":"F28*(1+BDI!D35)","v":9.1264000000000003},281.25,"horas",2687.1187500000001,2566.8000000000002]
[null,null,"T O T A L",{"$nulls":7},{"$f":"SUM(K13:K28)","v":269097.87875000009},{"$f":"SUM(L13:L28)","v":290421.36000000004}]
[]
["Ítem","Sinapi","Discriminação","Unidade","Valor Unitário (R$)",null,"Valor unitário com BDI (R$)",null,"Quantidade",null,"Valor total com BDI (R$)"]
["1.9",null,"SUBSTITUIÇÃO DA COMPORTA, COMISSIONAMENTO, START UP ",null,"Desonerado","Onerado","Desonerado","Onerado",null,null,"Desonerado","Onerado"]
[null,null,"MÃO-DE-OBRA"]
["1.9.1",90779,"ENGENHEIRO MECÂNICO RESPONSÁVEL PELA OBRA","H",137.38,158.83000000000001,{"$f":"E34*(1+BDI!D34)","v":184.08920000000001},{"$f":"F34*(1+BDI!D35)","v":203.30240000000003},875,"horas",{"$f":"G34*I34","v":161078.05000000002},{"$f":"H34*I34","v":177889.60000000003}]
["1.9.2",88278,"MONTADOR DE ESTRUTURAS METÁLICAS","H",15.71,17.850000000000001,{"$f":"E35*(1+BDI!D34)","v":21.051400000000001},{"$f":"F35*(1+BDI!D35)","v":22.848000000000003},875,"horas",{"$f":"G35*I35","v":18419.975000000002},{"$f":"H35*I35","v":19992.000000000004}]
["1.9.3",88240,"AJUDANTE DE ESTRUTURAS METALICAS","H",11.6,13.1,{"$f":"E36*(1+BDI!D34)","v":15.544},{"$f":"F36*(1+BDI!D35)","v":16.768000000000001},875,"horas",13601,14672]
["1.9.4",88265,"ELETRICISTA DE MANUTENÇÃO INDUSTRIAL","H",19.09,21.59,{"$f":"E37*(1+BDI!D34)","v":25.5806},{"$f":"F37*(1+BDI!D35)","v":27.635200000000001},875,"horas",22383.025000000001,24180.799999999999]
["1.9.5",88279,"MONTADOR ELETROMECÂNICO","H",23.35,26.52,{"$f":"E38*(1+BDI!D34)","v":31.289000000000005},{"$f":"F38*(1+BDI!D35)","v":33.945599999999999},875,"horas",27377.875000000004,29702.399999999998]
["1.9.6",88317,"SOLDADOR","H",19.57,22.02,{"$f":"E39*(1+BDI!D34)","v":26.223800000000001},{"$f":"F39*(1+BDI!D35)","v":28.185600000000001},875,"horas",22945.825000000001,24662.400000000001]
["1.9.7",88272,"MAÇARIQUEIRO","H",19.239999999999998,21.65,{"$f":"E40*(1+BDI!D34)","v":25.781600000000001},{"$f":"F40*(1+BDI!D35)","v":27.712},875,"horas",22558.9,24248]
["1.9.8",88243,"AJUDANTE ESPECIALIZADO","H",15.02,16.89,{"$f":"E41*(1+BDI!D34)","v":20.126799999999999},{"$f":"F41*(1+BDI!D35)","v":21.619200000000003},875,"horas",17610.95,18916.800000000003]
["1.9.9",100309,"TÉCNICO SEGURANÇA DO TRABALHO","H",23.14,26.54,{"$f":"E42*(1+BDI!D34)","v":31.007600000000004},{"$f":"F42*(1+BDI!D35)","v":33.971199999999996},875,"horas",27131.65,29724.799999999996]
[null,null,"EQUIPAMENTOS"]
["1.9.10",83762,"GRUPO DE SOLDAGEM GERADOR A DIESEL","H",7.13,7.13,{"$f":"E44*(1+BDI!D34)","v":9.5541999999999998},{"$f":"F44*(1+BDI!D35)","v":9.1264000000000003},375,"horas",3582.8249999999998,3422.4]
["1.9.11",89272,"GUINDASTE HUDRÁULICO 30 T LANÇA TELESCOPICA","H",208.04,211.95,{"$f":"E45*(1+BDI!D34)","v":278.77359999999999},{"$f":"F45*(1+BDI!D35)","v":271.29599999999999},281.25,"horas",78405.074999999997,76302]
[null,null,"T O T A L",{"$nulls":7},{"$f":"SUM(K34:K45)","v":415095.15000000008},{"$f":"SUM(L34:L45)","v":443713.20000000007}]
[]
["Ítem","Sinapi","Discriminação","Unidade","Valor Unitário (R$)",null,"Valor unitário com BDI (R$)",null,"Quantidade",null,"Valor total com BDI (R$)"]
["1.10",null,"MONTAGEM, COMISSIONAMENTO E STAR-UP PAINÉL DE COMANDO",null,"Desonerado","Onerado","Desonerado","Onerado",null,null,"Desonerado","Onerado"]
[null,null,"MÃO-DE-OBRA"]
["1.10.1",88266,"ELETROTÉCNICO","H",21.79,24.71,{"$f":"E51*(1+BDI!D34)","v":29.198599999999999},{"$f":"F51*(1+BDI!D35)","v":31.628800000000002},875,"horas",{"$f":"G51*I51","v":25548.774999999998},{"$f":"H51*I51","v":27675.200000000001}]
["1.10.2",88279,"MONTADOR ELETROMECÂNICO","H",23.35,26.52,{"$f":"E52*(1+BDI!D34)","v":31.289000000000005},{"$f":"F52*(1+BDI!D35)","v":33.945599999999999},875,"horas",{"$f":"G52*I52","v":27377.875000000004},{"$f":"H52*I52","v":29702.399999999998}]
["1.10.3",88243,"AJUDANTE ESPECIALIZADO","H",15.02,16.89,{"$f":"E53*(1+BDI!D34)","v":20.126799999999999},{"$f":"F53*(1+BDI!D35)","v":21.619200000000003},875,"horas",{"$f":"G53*I53","v":17610.95},{"$f":"H53*I53","v":18916.800000000003}]
["1.10.4",88265,"ELETRICISTA DE MANUTENÇÃO INDUSTRIAL","H",19.09,21.59,{"$f":"E54*(1+BDI!D34)","v":25.5806},{"$f":"F54*(1+BDI!D35)","v":27.635200000000001},350,"horas",{"$f":"G54*I54","v":8953.2100000000009},{"$f":"H54*I54","v":9672.32}]
[null,null,"T O T A L",{"$nulls":7},{"$f":"SUM(K51:K54)","v":79490.810000000012},{"$f":"SUM(L51:L54)","v":85966.720000000001}]
[]
["Ítem","Sinapi","Discriminação","Unidade","Valor Unitário (R$)",null,"Valor unitário com BDI (R$)",null,"Quantidade",null,"Valor total com BDI (R$)"]
["1.11",null,"DESENVOLVIMENTO SOFTWARE GERENCIAMENTO",null,"Desonerado","Onerado","Desonerado","Onerado",null,null,"Desonerado","Onerado"]
[null,null,"MÃO-DE-OBRA"]
["1.11.1",88266,"ELETROTÉCNICO ESPECIALIZADO SOFTWARE","H",21.79,24.71,{"$f":"E60*(1+BDI!D34)","v":29.198599999999999},{"$f":"F60*(1+BDI!D35)","v":31.628800000000002},875,"horas",{"$f":"G60*I60","v":25548.774999999998},{"$f":"H60*I60","v":27675.200000000001}]
["1.11.2",88255,"AUXILIAR TÉCNICO DE ENGENHARIA","H",21.05,24.14,{"$f":"E61*(1+BDI!D34)","v":28.207000000000004},{"$f":"F61*(1+BDI!D35)","v":30.8992},875,"horas",{"$f":"G61*I61","v":24681.125000000004},{"$f":"H61*I61","v":27036.799999999999}]
["1.11.3",90775,"DESENHISTA PROJETISTA","H",16.57,18.95,{"$f":"E62*(1+BDI!D34)","v":22.203800000000001},{"$f":"F62*(1+BDI!D35)","v":24.256},875,"horas",{"$f":"G62*I62","v":19428.325000000001},{"$f":"H62*I62","v":21224}]
[null,null,"T O T A L",{"$nulls":7},{"$f":"SUM(K60:K62)","v":69658.225000000006},{"$f":"SUM(L60:L62)","v":75936}]

{"sheet":"CPU - ITEM 2","index":2,"n_rows":115,"n_cols":12,"rows_kept":115,"cut":false,"hidden":false,"merged":[[5,0,5,6],[7,0,7,6]]}
[null,null,"                                                          Ministério do Desenvolvimento Regional - MDR"]
[null,null,"                                                          Companhia do Desenvolvimento dos Vales do São Francisco e Parnaíba"]
[null,null,"                                                          Codevasf - Brasília"]
[]
[]
["MODERNIZAÇÃO DA COMPORTA DA JANSEN"]
["*SINAPI MA jul/22"]
["2 -  TELECOM"]
[]
["Ítem","Sinapi","Discriminação","Unidade","Valor Unitário (R$)",null,"Valor unitário com BDI (R$)",null,"Quantidade",null,"Valor total com BDI (R$)"]
["2.9",null,"ESTUDO DE ENLACE",null,"Desonerado","Onerado","Desonerado","Onerado",null,null,"Desonerado","Onerado"]
[null,null,"MÃO-DE-OBRA"]
["2.9.1",88266,"ELETROTÉCNICO ESPECIALIZADO SOFTWARE","H",21.79,24.71,{"$f":"E13*(1+BDI!D34)","v":29.198599999999999},{"$f":"F13*(1+BDI!D35)","v":31.628800000000002},875,"horas",{"$f":"G13*I13","v":25548.774999999998},{"$f":"H13*I13","v":27675.200000000001}]
["2.9.2",88255,"AUXILIAR TÉCNICO DE ENGENHARIA","H",21.05,24.14,{"$f":"E14*(1+BDI!D34)","v":28.207000000000004},{"$f":"F14*(1+BDI!D35)","v":30.8992},875,"horas",{"$f":"G14*I14","v":24681.125000000004},{"$f":"H14*I14","v":27036.799999999999}]
["2.9.3",90775,"DESENHISTA PROJETISTA","H",16.57,18.95,{"$f":"E15*(1+BDI!D34)","v":22.203800000000001},{"$f":"F15*(1+BDI!D35)","v":24.256},875,"horas",{"$f":"G15*I15","v":19428.325000000001},{"$f":"H15*I15","v":21224}]
[null,null,"T O T A L",{"$nulls":7},{"$f":"SUM(K13:K15)","v":69658.225000000006},{"$f":"SUM(L13:L15)","v":75936}]
[]
["Ítem","Sinapi","Discriminação","Unidade","Valor Unitário (R$)",null,"Valor unitário com BDI (R$)",null,"Quantidade",null,"Valor total com BDI (R$)"]
["2.10",null,"MONTAGEM DA TORRE 15m E EQUIPAMENTOS (LAGUNA JANSEN)",null,"Desonerado","Onerado","Desonerado","Onerado",null,null,"Desonerado","Onerado"]
[null,null,"MÃO-DE-OBRA"]
["2.10.1",100302,"COORDENADOR","H",128.5,148.56,{"$f":"E21*(1+BDI!D34)","v":172.19},{"$f":"F21*(1+BDI!D35)","v":190.1568},525,"horas",{"$f":"G21*I21","v":90399.75},{"$f":"H21*I21","v":99832.320000000007}]
["2.10.2",88278,"MONTADOR DE ESTRUTURAS METÁLICAS","H",15.71,17.850000000000001,{"$f":"E22*(1+BDI!D34)","v":21.051400000000001},{"$f":"F22*(1+BDI!D35)","v":22.848000000000003},350,"horas",{"$f":"G22*I22","v":7367.9900000000007},{"$f":"H22*I22","v":7996.8000000000011}]
["2.10.3",88240,"AJUDANTE DE ESTRUTURAS METALICAS","H",11.6,13.1,{"$f":"E23*(1+BDI!D34)","v":15.544},{"$f":"F23*(1+BDI!D35)","v":16.768000000000001},350,"horas",5440.4000000000005,5868.8]
["2.10.4",88265,"ELETRICISTA DE MANUTENÇÃO INDUSTRIAL","H",19.09,21.59,{"$f":"E24*(1+BDI!D34)","v":25.5806},{"$f":"F24*(1+BDI!D35)","v":27.635200000000001},175,"horas",4476.6050000000005,4836.16]
["2.10.5",88279,"MONTADOR ELETROMECÂNICO","H",23.35,26.52,{"$f":"E25*(1+BDI!D34)","v":31.289000000000005},{"$f":"F25*(1+BDI!D35)","v":33.945599999999999},175,"horas",5475.5750000000007,5940.48]
["2.10.6",88243,"AJUDANTE ESPECIALIZADO","H",15.02,16.89,{"$f":"E26*(1+BDI!D34)","v":20.126799999999999},{"$f":"F26*(1+BDI!D35)","v":21.619200000000003},350,"horas",7044.38,7566.7200000000012]
["2.10.7",88309,"PEDREIRO","H",18.87,21.34,{"$f":"E27*(1+BDI!D34)","v":25.285800000000002},{"$f":"F27*(1+BDI!D35)","v":27.315200000000001},175,"horas",4425.0150000000003,4780.16]
["2.10.8",88310,"PINTOR PARA TINTA EPÓXI","H",19.940000000000001,22.4,{"$f":"E28*(1+BDI!D34)","v":26.719600000000003},{"$f":"F28*(1+BDI!D35)","v":28.671999999999997},175,"horas",{"$f":"G28*I28","v":4675.93},{"$f":"H28*I28","v":5017.5999999999995}]
["2.10.9",100309,"TÉCNICO SEGURANÇA DO TRABALHO","H",23.14,26.54,{"$f":"E29*(1+BDI!D34)","v":31.007600000000004},{"$f":"F29*(1+BDI!D35)","v":33.971199999999996},262.5,"horas",8139.4950000000008,8917.4399999999987]
["2.10.10",100717,"LIXAMENTO MANUAL","M2",6.79,7.52,{"$f":"E30*(1+BDI!D34)","v":9.0986000000000011},{"$f":"F30*(1+BDI!D35)","v":9.6256000000000004},175,"m² (PERFIS + VIGAS)",1592.2550000000001,1684.48]
["2.10.11",100721,"PINTURA TIPO ZARCÃO","M2",20.3,21.59,{"$f":"E31*(1+BDI!D34)","v":27.202000000000002},{"$f":"F31*(1+BDI!D35)","v":27.635200000000001},218.75,"m² (PERFIS + VIGAS)",5950.4375,6045.2]
["2.10.12",100757,"PINTURA DE ACABAMENTO","M2",39.85,42.44,{"$f":"E32*(1+BDI!D34)","v":53.399000000000008},{"$f":"F32*(1+BDI!D35)","v":54.3232},218.75,"m² (PERFIS + VIGAS)",11681.031250000002,11883.2]
[null,null,"T O T A L",{"$nulls":7},{"$f":"SUM(K21:K32)","v":156668.86374999999},{"$f":"SUM(L21:L32)","v":170369.36000000007}]
[]
["Ítem","Sinapi","Discriminação","Unidade","Valor Unitário (R$)",null,"Valor unitário com BDI (R$)",null,"Quantidade",null,"Valor total com BDI (R$)"]
["2.11",null,"MONTAGEM DA TORRE 15m E EQUIPAMENTOS (PRÉDIO SINFRA)",null,"Desonerado","Onerado","Desonerado","Onerado",null,null,"Desonerado","Onerado"]
[null,null,"MÃO-DE-OBRA"]
["2.11.1",100302,"COORDENADOR","H",128.5,148.56,{"$f":"E38*(1+BDI!D34)","v":172.19},{"$f":"F38*(1+BDI!D35)","v":190.1568},700,"horas",{"$f":"G38*I38","v":120533},{"$f":"H38*I38","v":133109.76000000001}]
["2.11.2",88278,"MONTADOR DE ESTRUTURAS METÁLICAS","H",15.71,17.850000000000001,{"$f":"E39*(1+BDI!D34)","v":21.051400000000001},{"$f":"F39*(1+BDI!D35)","v":22.848000000000003},525,"horas",{"$f":"G39*I39","v":11051.985000000001},{"$f":"H39*I39","v":11995.2}]
["2.11.3",88240,"AJUDANTE DE ESTRUTURAS METALICAS","H",11.6,13.1,{"$f":"E40*(1+BDI!D34)","v":15.544},{"$f":"F40*(1+BDI!D35)","v":16.768000000000001},525,"horas",8160.6,8803.2000000000007]
["2.11.4",88265,"ELETRICISTA DE MANUTENÇÃO INDUSTRIAL","H",19.09,21.59,{"$f":"E41*(1+BDI!D34)","v":25.5806},{"$f":"F41*(1+BDI!D35)","v":27.635200000000001},350,"horas",8953.2100000000009,9672.32]
["2.11.5",88279,"MONTADOR ELETROMECÂNICO","H",23.35,26.52,{"$f":"E42*(1+BDI!D34)","v":31.289000000000005},{"$f":"F42*(1+BDI!D35)","v":33.945599999999999},350,"horas",10951.150000000001,11880.96]
["2.11.6",88243,"AJUDANTE ESPECIALIZADO","H",15.02,16.89,{"$f":"E43*(1+BDI!D34)","v":20.126799999999999},{"$f":"F43*(1+BDI!D35)","v":21.619200000000003},525,"horas",10566.57,11350.080000000002]
["2.11.7",88310,"PINTOR PARA TINTA EPÓXI","H",19.940000000000001,22.4,{"$f":"E44*(1+BDI!D34)","v":26.719600000000003},{"$f":"F44*(1+BDI!D35)","v":28.671999999999997},175,"horas",4675.93,5017.5999999999995]
["2.11.8",100309,"TÉCNICO SEGURANÇA DO TRABALHO","H",23.14,26.54,{"$f":"E45*(1+BDI!D34)","v":31.007600000000004},{"$f":"F45*(1+BDI!D35)","v":33.971199999999996},350,"horas",10852.660000000002,11889.919999999998]
["2.11.9",100717,"LIXAMENTO MANUAL","M2",6.79,7.52,{"$f":"E46*(1+BDI!D34)","v":9.0986000000000011},{"$f":"F46*(1+BDI!D35)","v":9.6256000000000004},175,"m² (PERFIS + VIGAS)",1592.2550000000001,1684.48]
["2.11.10",100721,"PINTURA TIPO ZARCÃO","M2",20.3,21.59,{"$f":"E47*(1+BDI!D34)","v":27.202000000000002},{"$f":"F47*(1+BDI!D35)","v":27.635200000000001},218.75,"m² (PERFIS + VIGAS)",5950.4375,6045.2]
["2.11.11",100757,"PINTURA DE ACABAMENTO","M2",39.85,42.44,{"$f":"E48*(1+BDI!D34)","v":53.399000000000008},{"$f":"F48*(1+BDI!D35)","v":54.3232},218.75,"m² (PERFIS + VIGAS)",11681.031250000002,11883.2]
[null,null,"T O T A L",{"$nulls":7},{"$f":"SUM(K38:K48)","v":204968.82874999999},{"$f":"SUM(L38:L48)","v":223331.92000000007}]
[]
["Ítem","Sinapi","Discriminação","Unidade","Valor Unitário (R$)",null,"Valor unitário com BDI (R$)",null,"Quantidade",null,"Valor total com BDI (R$)"]
["2.12",null,"INTERLIGAÇÃO TORRE/PAINÉL LAGUNA JANSEN",null,"Desonerado","Onerado","Desonerado","Onerado",null,null,"Desonerado","Onerado"]
[null,null,"MÃO-DE-OBRA"]
["2.12.1",100302,"COORDENADOR","H",128.5,148.56,{"$f":"E54*(1+BDI!D34)","v":172.19},{"$f":"F54*(1+BDI!D35)","v":190.1568},525,"horas",{"$f":"G54*I54","v":90399.75},{"$f":"H54*I54","v":99832.320000000007}]
["2.12.2",88279,"MONTADOR ELETROMECÂNICO","H",23.35,26.52,{"$f":"E55*(1+BDI!D34)","v":31.289000000000005},{"$f":"F55*(1+BDI!D35)","v":33.945599999999999},525,"horas",{"$f":"G55*I55","v":16426.725000000002},{"$f":"H55*I55","v":17821.439999999999}]
["2.12.3",88243,"AJUDANTE ESPECIALIZADO","H",15.02,16.89,{"$f":"E56*(1+BDI!D34)","v":20.126799999999999},{"$f":"F56*(1+BDI!D35)","v":21.619200000000003},525,"horas",10566.57,11350.080000000002]
["2.12.5",88266,"ELETROTÉCNICO ESPECIALIZADO SOFTWARE","H",21.79,24.71,{"$f":"E57*(1+BDI!D34)","v":29.198599999999999},{"$f":"F57*(1+BDI!D35)","v":31.628800000000002},525,"horas",{"$f":"G57*I57","v":15329.264999999999},{"$f":"H57*I57","v":16605.120000000003}]
["2.12.6",88255,"AUXILIAR TÉCNICO DE ENGENHARIA","H",21.05,24.14,{"$f":"E58*(1+BDI!D34)","v":28.207000000000004},{"$f":"F58*(1+BDI!D35)","v":30.8992},525,"horas",{"$f":"G58*I58","v":14808.675000000003},{"$f":"H58*I58","v":16222.08}]
[null,null,"T O T A L",{"$nulls":7},{"$f":"SUM(K54:K58)","v":147530.98499999999},{"$f":"SUM(L54:L58)","v":161831.04000000001}]
[]
["Ítem","Sinapi","Discriminação","Unidade","Valor Unitário (R$)",null,"Valor unitário com BDI (R$)",null,"Quantidade",null,"Valor total com BDI (R$)"]
["2.13",null,"INTERLIGAÇÃO TORRE SINFRA COM SERVIDOR",null,"Desonerado","Onerado","Desonerado","Onerado",null,null,"Desonerado","Onerado"]
[null,null,"MÃO-DE-OBRA"]
["2.13.1",100302,"COORDENADOR","H",128.5,148.56,{"$f":"E64*(1+BDI!D34)","v":172.19},{"$f":"F64*(1+BDI!D35)","v":190.1568},525,"horas",{"$f":"G64*I64","v":90399.75},{"$f":"H64*I64","v":99832.320000000007}]
["2.13.2",88279,"MONTADOR ELETROMECÂNICO","H",23.35,26.52,{"$f":"E65*(1+BDI!D34)","v":31.289000000000005},{"$f":"F65*(1+BDI!D35)","v":33.945599999999999},525,"horas",{"$f":"G65*I65","v":16426.725000000002},{"$f":"H65*I65","v":17821.439999999999}]
["2.13.3",88243,"AJUDANTE ESPECIALIZADO","H",15.02,16.89,{"$f":"E66*(1+BDI!D34)","v":20.126799999999999},{"$f":"F66*(1+BDI!D35)","v":21.619200000000003},525,"horas",10566.57,11350.080000000002]
["2.13.5",88266,"ELETROTÉCNICO ESPECIALIZADO SOFTWARE","H",21.79,24.71,{"$f":"E67*(1+BDI!D34)","v":29.198599999999999},{"$f":"F67*(1+BDI!D35)","v":31.628800000000002},525,"horas",{"$f":"G67*I67","v":15329.264999999999},{"$f":"H67*I67","v":16605.120000000003}]
["2.13.6",88255,"AUXILIAR TÉCNICO DE ENGENHARIA","H",21.05,24.14,{"$f":"E68*(1+BDI!D34)","v":28.207000000000004},{"$f":"F68*(1+BDI!D35)","v":30.8992},525,"horas",{"$f":"G68*I68","v":14808.675000000003},{"$f":"H68*I68","v":16222.08}]
[null,null,"T O T A L",{"$nulls":7},{"$f":"SUM(K64:K68)","v":147530.98499999999},{"$f":"SUM(L64:L68)","v":161831.04000000001}]
[]
["Ítem","Sinapi","Discriminação","Unidade","Valor Unitário (R$)",null,"Valor unitário com BDI (R$)",null,"Quantidade",null,"Valor total com BDI (R$)"]
["2.14",null,"MONTAGEM DE POSTE 4 X 4 ANTIVANDALISMO COM EQUIPAMENTOS",null,"Desonerado","Onerado","Desonerado","Onerado",null,null,"Desonerado","Onerado"]
[null,null,"MÃO-DE-OBRA"]
["2.14.1",100302,"COORDENADOR","H",128.5,148.56,{"$f":"E74*(1+BDI!D34)","v":172.19},{"$f":"F74*(1+BDI!D35)","v":190.1568},175,"horas",{"$f":"G74*I74","v":30133.25},{"$f":"H74*I74","v":33277.440000000002}]
["2.14.2",88278,"MONTADOR DE ESTRUTURAS METÁLICAS","H",15.71,17.850000000000001,{"$f":"E75*(1+BDI!D34)","v":21.051400000000001},{"$f":"F75*(1+BDI!D35)","v":22.848000000000003},175,"horas",{"$f":"G75*I75","v":3683.9950000000003},{"$f":"H75*I75","v":3998.4000000000005}]
["2.14.3",88240,"AJUDANTE DE ESTRUTURAS METALICAS","H",11.6,13.1,{"$f":"E76*(1+BDI!D34)","v":15.544},{"$f":"F76*(1+BDI!D35)","v":16.768000000000001},175,"horas",2720.2000000000003,2934.4]
["2.14.4",88243,"AJUDANTE ESPECIALIZADO","H",14.68,16.510000000000002,{"$f":"E77*BDI!D72*100","v":0},{"$f":"F77*BDI!D73*100","v":0},175,"horas",0,0]
["2.14.5",88266,"ELETROTÉCNICO ESPECIALIZADO SOFTWARE","H",21.79,24.71,{"$f":"E78*(1+BDI!D34)","v":29.198599999999999},{"$f":"F78*(1+BDI!D35)","v":31.628800000000002},175,"horas",{"$f":"G78*I78","v":5109.7550000000001},{"$f":"H78*I78","v":5535.04}]
["2.14.4",88243,"AJUDANTE ESPECIALIZADO","H",15.02,16.89,{"$f":"E79*(1+BDI!D34)","v":20.126799999999999},{"$f":"F79*(1+BDI!D35)","v":21.619200000000003},175,"horas",{"$f":"G79*I79","v":3522.19},{"$f":"H79*I79","v":3783.3600000000006}]
["2.10.7",88309,"PEDREIRO","H",18.87,21.34,{"$f":"E80*(1+BDI!D34)","v":25.285800000000002},{"$f":"F80*(1+BDI!D35)","v":27.315200000000001},175,"horas",{"$f":"G80*I80","v":4425.0150000000003},{"$f":"H80*I80","v":4780.16}]
[null,null,"T O T A L",{"$nulls":7},{"$f":"SUM(K74:K80)","v":49594.404999999999},{"$f":"SUM(L74:L80)","v":54308.800000000003}]
[]
["Ítem","Sinapi","Discriminação","Unidade","Valor Unitário (R$)",null,"Valor unitário com BDI (R$)",null,"Quantidade",null,"Valor total com BDI (R$)"]
["2.15",null,"INTERLIGAÇÃO SENSOR NÍVEL MAR AO PAINÉL",null,"Desonerado","Onerado","Desonerado","Onerado",null,null,"Desonerado","Onerado"]
[null,null,"MÃO-DE-OBRA"]
["2.15.1",100302,"COORDENADOR","H",128.5,148.56,{"$f":"E86*(1+BDI!D34)","v":172.19},{"$f":"F86*(1+BDI!D35)","v":190.1568},87.5,"horas",{"$f":"G86*I86","v":15066.625},{"$f":"H86*I86","v":16638.72}]
["2.15.2",88243,"AJUDANTE ESPECIALIZADO","H",15.02,16.89,{"$f":"E87*(1+BDI!D34)","v":20.126799999999999},{"$f":"F87*(1+BDI!D35)","v":21.619200000000003},87.5,"horas",{"$f":"G87*I87","v":1761.095},{"$f":"H87*I87","v":1891.6800000000003}]
["2.15.3",88266,"ELETROTÉCNICO ESPECIALIZADO SOFTWARE","H",21.79,24.71,{"$f":"E88*(1+BDI!D34)","v":29.198599999999999},{"$f":"F88*(1+BDI!D35)","v":31.628800000000002},87.5,"horas",{"$f":"G88*I88","v":2554.8775000000001},{"$f":"H88*I88","v":2767.52}]
["2.15.4",88255,"AUXILIAR TÉCNICO DE ENGENHARIA","H",21.05,24.14,{"$f":"E89*(1+BDI!D34)","v":28.207000000000004},{"$f":"F89*(1+BDI!D35)","v":30.8992},87.5,"horas",{"$f":"G89*I89","v":2468.1125000000002},{"$f":"H89*I89","v":2703.68}]
[null,null,"T O T A L",{"$nulls":7},{"$f":"SUM(K86:K89)","v":21850.71},{"$f":"SUM(L86:L89)","v":24001.600000000002}]
[]
["Ítem","Sinapi","Discriminação","Unidade","Valor Unitário (R$)",null,"Valor unitário com BDI (R$)",null,"Quantidade",null,"Valor total com BDI (R$)"]
["2.16",null,"INTERLIGAÇÃO SENSOR NÍVEL LAGUNA JANSENAO PAINÉL",null,"Desonerado","Onerado","Desonerado","Onerado",null,null,"Desonerado","Onerado"]
[null,null,"MÃO-DE-OBRA"]
["2.16.1",100302,"COORDENADOR","H",128.5,148.56,{"$f":"E95*(1+BDI!D34)","v":172.19},{"$f":"F95*(1+BDI!D35)","v":190.1568},175,"horas",{"$f":"G95*I95","v":30133.25},{"$f":"H95*I95","v":33277.440000000002}]
["2.16.2",88279,"MONTADOR ELETROMECÂNICO","H",23.35,26.52,{"$f":"E96*(1+BDI!D34)","v":31.289000000000005},{"$f":"F96*(1+BDI!D35)","v":33.945599999999999},175,"horas",{"$f":"G96*I96","v":5475.5750000000007},{"$f":"H96*I96","v":5940.48}]
["2.16.3",88243,"AJUDANTE ESPECIALIZADO","H",15.02,16.89,{"$f":"E97*(1+BDI!D34)","v":20.126799999999999},{"$f":"F97*(1+BDI!D35)","v":21.619200000000003},175,"horas",{"$f":"G97*I97","v":3522.19},{"$f":"H97*I97","v":3783.3600000000006}]
["2.16.4",88309,"PEDREIRO","H",18.87,21.34,{"$f":"E98*(1+BDI!D34)","v":25.285800000000002},{"$f":"F98*(1+BDI!D35)","v":27.315200000000001},175,"horas",4425.0150000000003,4780.16]
["2.16.5",88266,"ELETROTÉCNICO ESPECIALIZADO SOFTWARE","H",21.79,24.71,{"$f":"E99*(1+BDI!D34)","v":29.198599999999999},{"$f":"F99*(1+BDI!D35)","v":31.628800000000002},175,"horas",{"$f":"G99*I99","v":5109.7550000000001},{"$f":"H99*I99","v":5535.04}]
["2.16.6",88255,"AUXILIAR TÉCNICO DE ENGENHARIA","H",21.05,24.14,{"$f":"E100*(1+BDI!D34)","v":28.207000000000004},{"$f":"F100*(1+BDI!D35)","v":30.8992},175,"horas",{"$f":"G100*I100","v":4936.2250000000004},{"$f":"H100*I100","v":5407.36}]
[null,null,"T O T A L",{"$nulls":7},{"$f":"SUM(K95:K100)","v":53602.009999999995},{"$f":"SUM(L95:L100)","v":58723.840000000004}]
[]
["Ítem","Sinapi","Discriminação","Unidade","Valor Unitário (R$)",null,"Valor unitário com BDI (R$)",null,"Quantidade",null,"Valor total com BDI (R$)"]
["2.17",null,"START UP TELECOM",null,"Desonerado","Onerado","Desonerado","Onerado",null,null,"Desonerado","Onerado"]
[null,null,"MÃO-DE-OBRA"]
["2.17.1",90779,"ENGENHEIRO CIVIL RESPONSÁVEL PELA OBRA","H",137.38,158.83000000000001,{"$f":"E106*(1+BDI!D34)","v":184.08920000000001},{"$f":"F106*(1+BDI!D35)","v":203.30240000000003},350,"horas",{"$f":"G106*I106","v":64431.22},{"$f":"H106*I106","v":71155.840000000011}]
["2.17.2",88278,"MONTADOR DE ESTRUTURAS METÁLICAS","H",15.71,17.850000000000001,{"$f":"E107*(1+BDI!D34)","v":21.051400000000001},{"$f":"F107*(1+BDI!D35)","v":22.848000000000003},350,"horas",{"$f":"G107*I107","v":7367.9900000000007},{"$f":"H107*I107","v":7996.8000000000011}]
["2.17.3",88240,"AJUDANTE DE ESTRUTURAS METALICAS","H",11.6,13.1,{"$f":"E108*(1+BDI!D34)","v":15.544},{"$f":"F108*(1+BDI!D35)","v":16.768000000000001},262.5,"horas",4080.3,4401.6000000000004]
["2.17.4",88265,"ELETRICISTA DE MANUTENÇÃO INDUSTRIAL","H",19.09,21.59,{"$f":"E109*(1+BDI!D34)","v":25.5806},{"$f":"F109*(1+BDI!D35)","v":27.635200000000001},350,"horas",8953.2100000000009,9672.32]
["2.17.5",100302,"COORDENADOR","H",128.5,148.56,{"$f":"E110*(1+BDI!D34)","v":172.19},{"$f":"F110*(1+BDI!D35)","v":190.1568},350,"horas",{"$f":"G110*I110","v":60266.5},{"$f":"H110*I110","v":66554.880000000005}]
["2.17.6",88279,"MONTADOR ELETROMECÂNICO","H",23.35,26.52,{"$f":"E111*(1+BDI!D34)","v":31.289000000000005},{"$f":"F111*(1+BDI!D35)","v":33.945599999999999},350,"horas",{"$f":"G111*I111","v":10951.150000000001},{"$f":"H111*I111","v":11880.96}]
["2.17.7",88243,"AJUDANTE ESPECIALIZADO","H",15.02,16.89,{"$f":"E112*(1+BDI!D34)","v":20.126799999999999},{"$f":"F112*(1+BDI!D35)","v":21.619200000000003},350,"horas",7044.38,7566.7200000000012]
["2.17.8",88266,"ELETROTÉCNICO ESPECIALIZADO SOFTWARE","H",21.79,24.71,{"$f":"E113*(1+BDI!D34)","v":29.198599999999999},{"$f":"F113*(1+BDI!D35)","v":31.628800000000002},350,"horas",{"$f":"G113*I113","v":10219.51},{"$f":"H113*I113","v":11070.08}]
["2.17.9",88255,"AUXILIAR TÉCNICO DE ENGENHARIA","H",21.05,24.14,{"$f":"E114*(1+BDI!D34)","v":28.207000000000004},{"$f":"F114*(1+BDI!D35)","v":30.8992},350,"horas",{"$f":"G114*I114","v":9872.4500000000007},{"$f":"H114*I114","v":10814.72}]
[null,null,"T O T A L",{"$nulls":7},{"$f":"SUM(K109:K114)","v":107307.20000000001},{"$f":"SUM(L106:L114)","v":201113.92}]

{"sheet":"COTAÇÕES","index":3,"n_rows":44,"n_cols":17,"rows_kept":44,"cut":false,"hidden":false,"merged":[[6,0,6,9]]}
[null,null,null,"                                                     Ministério do Desenvolvimento Regional - MDR"]
[null,null,null,"                                                     Companhia do Desenvolvimento dos Vales do São Francisco e Parnaíba"]
[null,null,null,"                                                     Codevasf - Brasília"]
[]
[]
[]
["Cotações - Equipamentos e materiais /Laguna da Jansen"]
[]
["Item ","Descrição","                                  Cotação 1",null,"Cotação 2",null,"Cotação 3",null,"Valor Mediana","Valor Médio","Menor valor (mediana/média) c/ BDI DESONERADO","Menor valor (mediana/média) c/ BDI ONERADO",null,"D, Padrão","CV"]
[null,null,"VALOR","EMPRESA","VALOR","EMPRESA","VALOR","EMPRESA","R$","R$","R$","R$",{"$nulls":4},{"$f":"SUM(L11:L39)","v":2061298.0419999999}]
["1.2","Comporta deslizante em aço inoxidável 4 x 3 m, ítem 3.2.2 do T.R.",902000,"All Energy Engenharia",910000,"EBSE ENGENHARIA E SOLUÇÕES",850000,"HYDROSTEC",{"$f":"MEDIAN(C11,E11,G11)","v":902000},{"$f":"(C11+E11+G11)/3","v":887333.33333333337},{"$f":"MINA(I11,J11)*(1+BDI!I34)","v":1020433.3333333333},{"$f":"MINA(I11,J11)*(1+BDI!I35)","v":1020433.3333333333},null,{"$f":"_xlfn.STDEV.P(E11,G11,I11)","v":26599.916457680007},{"$f":"N11/J11","v":2.9977366406100683E-2},null,{"$f":"L11/$Q$10","v":0.49504405114713312}]
[]
["1.3","Cilindro Hidráulico para acionamento da comporta, ítem 3.2.3.2 do T.R.",115000,"All Energy Engenharia",85000,"EBSE ENGENHARIA E SOLUÇÕES",98000,"HYDROSTEC",{"$f":"MEDIAN(C13,E13,G13)","v":98000},{"$f":"(C13+E13+G13)/3","v":99333.333333333328},{"$f":"MINA(I13,J13)*(1+BDI!I34)","v":112699.99999999999},{"$f":"MINA(I13,J13)*(1+BDI!I35)","v":112699.99999999999},null,{"$f":"_xlfn.STDEV.P(E13,G13,I13)","v":6128.2587702834116},{"$f":"N13/J13","v":6.169388023775247E-2},null,{"$f":"L13/$Q$10","v":5.4674286640592457E-2}]
[]
["1.4","Unidade Oleodinâmica para acionar o cilindro hidraúlico ítem 3.2.3.1 do T.R.",340000,"All Energy Engenharia",325700,"EBSE ENGENHARIA E SOLUÇÕES",300000,"HYDROSTEC",{"$f":"MEDIAN(C15,E15,G15)","v":325700},{"$f":"(C15+E15+G15)/3","v":321900},{"$f":"MINA(I15,J15)*(1+BDI!I34)","v":370185},{"$f":"MINA(I15,J15)*(1+BDI!I35)","v":370185},null,12115.096184329514,3.7636210575736295E-2,null,0.1795882945878236]
[]
["1.5","Quadro de Comando Local ítem 3.2.4 do T.R.",80000,"All Energy Engenharia",97000,"EBSE ENGENHARIA E SOLUÇÕES",102000,"HYDROSTEC",{"$f":"MEDIAN(C17,E17,G17)","v":97000},{"$f":"(C17+E17+G17)/3","v":93000},{"$f":"MINA(I17,J17)*(1+BDI!I34)","v":106949.99999999999},{"$f":"MINA(I17,J17)*(1+BDI!I35)","v":106949.99999999999},null,2357.0226039551585,2.5344329074786651E-2,null,5.1884782220154066E-2]
[]
["1.6","Sensor de Nível Ultrassônico, alcance 20 metros",19000,"All Energy Engenharia",12000,"EBSE ENGENHARIA E SOLUÇÕES",15000,"HYDROSTEC",{"$f":"MEDIAN(C19,E19,G19)","v":15000},{"$f":"(C19+E19+G19)/3","v":15333.333333333334},{"$f":"MINA(I19,J19)*(1+BDI!I34)","v":17250},{"$f":"MINA(I19,J19)*(1+BDI!I35)","v":17250},null,1414.2135623730951,9.2231319285201854E-2,null,8.3685132613151737E-3]
[]
["1.7","Licensa software Elipse     *dominio exclusivo de uma empresa",126000,"Norte Telecomunicações",136000,"SEG",146423.48000000001,"VECTOR",{"$f":"MEDIAN(C21,E21,G21)","v":136000},{"$f":"(C21+E21+G21)/3","v":136141.16},{"$f":"MINA(I21,J21)*(1+BDI!I34)","v":156400},{"$f":"MINA(I21,J21)*(1+BDI!I35)","v":156400},null,4913.6755943749076,3.6092505707861662E-2,null,7.5874520235924239E-2]
[]
["2.1","Torre de comunicação completa de 15 metros conforme item 3.3.1.2 do T.R.",{"$f":"(463910-166400-128000)/2","v":84755},"ALTALE",{"$f":"4000+32050+3800+2670+1600+19900","v":64020},"TORRE NORTE",{"$f":"4000+43400+5200+3800+2200+37500","v":96100},"NS AUTOMAÇÃO",{"$f":"MEDIAN(C23,E23,G23)","v":84755},{"$f":"(C23+E23+G23)/3","v":81625},{"$f":"MINA(I23,J23)*(1+BDI!I34)","v":93868.75},{"$f":"MINA(I23,J23)*(1+BDI!I35)","v":93868.75},null,13282.300879993145,0.16272344110251938,null,4.5538659663656736E-2]
[]
["2.2","Poste 4 x 4 m antivandalismo para suporte sensor de nível",{"$f":"4000+14184+16000","v":34184},"ALTALE",{"$f":"4000+9456+1000+19900","v":34356},"TORRE NORTE",{"$f":"4000+11820+29600","v":45420},"NS AUTOMAÇÃO",{"$f":"MEDIAN(C25,E25,G25)","v":34356},{"$f":"(C25+E25+G25)/3","v":37986.666666666664},{"$f":"MINA(I25,J25)*(1+BDI!I34)","v":39509.399999999994},{"$f":"MINA(I25,J25)*(1+BDI!I35)","v":39509.399999999994},null,5215.6196180319748,0.1373013237460155,null,1.9167242773716269E-2]
[]
["2.3","Painél tipo Rack Telecon, ventilação, IP 66,  IP 67, resistência marinha",4900,"Norte Telecomunicações",10800,"SEG",12402.97,"VECTOR",{"$f":"MEDIAN(C27,E27,G27)","v":10800},{"$f":"(C27+E27+G27)/3","v":9367.6566666666677},{"$f":"MINA(I27,J27)*(1+BDI!I34)","v":10772.805166666667},{"$f":"MINA(I27,J27)*(1+BDI!I35)","v":10772.805166666667},null,755.64730469239976,8.0665563606878529E-2,null,5.2262239361631664E-3]
[]
["2.4","Rádio PTP de 5Ghz",17700,"Norte Telecomunicações",37460,"SEG",60858.58,"VECTOR",{"$f":"MEDIAN(C29,E29,G29)","v":37460},{"$f":"(C29+E29+G29)/3","v":38672.86},{"$f":"MINA(I29,J29)*(1+BDI!I34)","v":43079},{"$f":"MINA(I29,J29)*(1+BDI!I35)","v":43079},null,11030.196392090573,0.2852180157374079,null,2.0898967117924425E-2]
[]
["2.5","Câmera espeed Dome PTZ, zoom ótico 32x, CMOS de 1/1.8\", infravermelho 200m",9000,"Norte Telecomunicações",18000,"SEG",27643.63,"VECTOR",{"$f":"MEDIAN(C31,E31,G31)","v":18000},{"$f":"(C31+E31+G31)/3","v":18214.543333333335},{"$f":"MINA(I31,J31)*(1+BDI!I34)","v":20700},{"$f":"MINA(I31,J31)*(1+BDI!I35)","v":20700},null,4546.050778836011,0.24958357152531835,null,1.0042215913578208E-2]
[]
["2.6","Workstation para servidor elipse e cameras, windows 10, sata de 4 TB, etc",35000,"Norte Telecomunicações",{"$f":"C33","v":35000},"SEG",47125,"VECTOR",{"$f":"MEDIAN(C33,E33,G33)","v":35000},{"$f":"(C33+E33+G33)/3","v":39041.666666666664},{"$f":"MINA(I33,J33)*(1+BDI!I34)","v":40250},{"$f":"MINA(I33,J33)*(1+BDI!I35)","v":40250},null,5715.7798145912593,0.14640204434385298,null,1.9526530943068738E-2]
[]
["2.7","No Break tipo torre 220V/ 2.200VA, dysplay informativo, comunicação ethernet",2875,"Norte Telecomunicações",12500,"SEG",13548.27,"VECTOR",{"$f":"MEDIAN(C35,E35,G35)","v":12500},{"$f":"(C35+E35+G35)/3","v":9641.09},{"$f":"MINA(I35,J35)*(1+BDI!I34)","v":11087.253499999999},{"$f":"MINA(I35,J35)*(1+BDI!I35)","v":11087.253499999999},null,494.15921700961496,5.1255534074426748E-2,null,5.3787726345688727E-3]
[]
["2.8","CX de Cabo LAN CAT 6 F/UTP 4p x 23AWG – 305 metros – ANSI/TIA-568.2-D",3000,"Norte Telecomunicações",3500,"SEG",null,null,{"$f":"MEDIAN(C37,E37)","v":3250},{"$f":"(C37+E37+G37)/2","v":3250},{"$f":"MINA(I37,J37)*(1+BDI!I34)","v":3737.4999999999995},{"$f":"MINA(I37,J37)*(1+BDI!I35)","v":3737.4999999999995},null,125,3.8461538461538464E-2,null,1.8131778732849539E-3]
[]
["2.9","Bobina 500m Cabo maritimo blindado,não halogêno,antichama,condutor dreno flexivel",12000,"Norte Telecomunicações",13000,"SEG",null,null,{"$f":"MEDIAN(C39,E39)","v":12500},{"$f":"(C39+E39+G39)/2","v":12500},{"$f":"MINA(I39,J39)*(1+BDI!I34)","v":14374.999999999998},{"$f":"MINA(I39,J39)*(1+BDI!I35)","v":14374.999999999998},null,250,0.02,null,6.9737610510959766E-3]
[]
[null,"Observação. Fornecimento de torre e poste, incluso: Projeto, a torre/poste, aterramento, balizamento, esteira e transporte)"]
[]
[]
[null,null,null,{"$f":"(2)","v":2}]

{"sheet":"BDI","index":4,"n_rows":40,"n_cols":9,"rows_kept":40,"cut":false,"hidden":false,"merged":[[8,0,8,3],[9,0,9,3],[10,0,10,3],[6,0,6,3],[6,5,6,8],[8,5,8,8],[9,5,9,8],[10,5,10,8]]}
[null,"                                                              Ministério do Desenvolvimento Regional - MDR"]
[null,"                                                              Companhia do Desenvolvimento dos Vales do São Francisco e Parnaíba"]
[null,"                                                              Codevasf - Brasília"]
[]
[]
[]
["BDI Serviços",{"$nulls":4},"BDI FORNECIMENTO"]
[]
["DETALHAMENTO DO BDI",{"$nulls":4},"DETALHAMENTO DO BDI"]
["Serviços desonerados e onerados",{"$nulls":4},"FORMECIMENTO sendo os serviços desonerados ou com desoneração"]
[]
[]
["Item","Descrição dos serviços","Valores de Referência (%)","Preço de Venda (%)",null,"Item","Descrição dos serviços","Valores de Referência (%)","Adotado (%)"]
[]
[1,"Administração Central (Ac)","3,43% - 4,93% - 6,71%",4.9299999999999997E-2,null,1,"Administração Central  (Ac )","1,50% - 3,45% - 4,49%",3.4500000000000003E-2]
["1.1","ESCRITÓRIO CENTRAL",null,null,null,"1.1","ESCRITÓRIO CENTRAL"]
["1.2","VIAGENS",null,null,null,"1.2","VIAGENS"]
["1.3","OUTROS",null,null,null,"1.3","OUTROS"]
[]
[2,"Impostos e Taxas (I)",null,{"$f":"SUM(D21:D24)","v":0.13150000000000001},null,2,"Impostos e Taxas ( I )",null,{"$f":"SUM(I21:I24)","v":3.6499999999999998E-2}]
["2.1","ISS",0.05,0.05,null,"2.1","ISS","-",0]
["2.2","PIS","de 0,65% a 0,65%",6.4999999999999997E-3,null,"2.2","PIS",6.4999999999999997E-3,6.4999999999999997E-3]
["2.3","Cofins","de 3,00% a 3,00%",0.03,null,"2.3","Cofins",0.03,0.03]
["2.4","CPRB",0,4.4999999999999998E-2,null,"2.4","CPRB"]
[]
["3","Garantia e Seguros ( Gs )","0,28% - 0,49% - 0,75%",4.8999999999999998E-3,null,"3","Garantia e Seguros ( Gs )","0,30% - 0,48% - 0,82%",4.7999999999999996E-3]
[]
[4,"Risco ( R )","1,0% - 1,39% - 6,71%",1.3899999999999999E-2,null,4,"Risco ( R )","0,56 - 0,85% - 0,89%",8.5000000000000006E-3]
[]
[4,"Despesas Financeiras (DF)","0,94% - 0,99% - 1,17%",9.9000000000000008E-3,null,5,"Despesas Financeiras ( Df )","de 0,85% - 0,85% -  1,11%",8.5000000000000006E-3]
[]
[5,"Lucro (L)","6,74% - 8,04% - 9,40%",8.0399999999999999E-2,null,6,"Lucro (  L )","de 3,50% - 5,11% - 6,22%",5.11E-2]
[]
[null,"BDI (%) desonerado",null,{"$f":"ROUND(((((1+D15+D26+D28)*(1+D30)*(1+D32))/(1-D20))-1),2)","v":0.34},null,null,"BDI (%) desonerado",null,{"$f":"ROUND((((1+I15+I28+I26)*(1+I30)*(1+I32))/(1-I20))-1,2)","v":0.15}]
[null,"BDI (%) não desonerado",null,{"$f":"ROUND(((((1+D15+D26+D28)*(1+D30)*(1+D32))/(1-(D21+D22+D23)))-1),2)","v":0.28000000000000003},null,null,"BDI (%) não desonerado",null,{"$f":"ROUND(((((1+I15+I26+I28)*(1+I30)*(1+I32))/(1-(I21+I22+I23)))-1),2)","v":0.15}]
[]
[null,"OBS1: ADOTADO VALOR MÉDIO QUARTIL",{"$nulls":4},"OBS1: ADOTADO VALOR 3º QUARTIL"]
[null,"OBS2: Conforme LEI 13.161 /2015:  Em orçamento onde optar-se pelos erviços com desoneração/desonerado, deverá ser incluído no CPRB  o percentual de 4,5% referente a contribuíção previdenciaária.",{"$nulls":4},"OBS2: Conforme LEI 13.161 /2015:  Em orçamento onde optar-se pelos erviços com desoneração/desonerado, deverá ser incluído no CPRB  o percentual de 4,5% referente a contribuíção previdenciaária."]
[null,"OBS3:Adotado Construção de redes de abastecimento de água, coleta de esgoto, e construção correlatas",{"$nulls":4},"OBS3:Adotado Construção de redes de abastecimento de água, coleta de esgoto, e construção correlatas"]
[null,"OBS4: ISS DE 5% REFERÊNCIADO SÃO LUÍS/MA"]

{"sheet":"Det.Encargos Sociais","index":5,"n_rows":44,"n_cols":14,"rows_kept":44,"cut":false,"hidden":false,"merged":[[17,0,17,1],[29,0,29,1],[36,0,36,1],[40,0,40,1],[41,0,41,1],[5,0,6,1],[1,0,1,5],[2,0,2,2],[2,3,2,5],[4,2,4,3],[4,4,4,5]]}
[]
["Detalhamento dos Encargos Sociais – Horista e Mensalista – Com desoneração e Sem Desoneração "]
["MARANHÃO",null,null,"VIGÊNCIA A PARTIR DE 10/2021"]
[]
[null,null,"COM DESONERAÇÃO",null,"SEM DESONERAÇÃO"]
["DISCRIMINAÇÃO",null,"HORISTA","MENSALISTA","HORISTA","MENSALISTA"]
[null,null,"%","%","%","%"]
["A","ENCARGOS SOCIAIS BÁSICOS"]
["A1","INSS",0,0,0.2,0.2]
["A2","SESI",1.4999999999999999E-2,1.4999999999999999E-2,1.4999999999999999E-2,1.4999999999999999E-2]
["A3","SENAI",0.01,0.01,0.01,0.01]
["A4","INCRA",2E-3,2E-3,2E-3,2E-3]
["A5","SEBRAE",6.0000000000000001E-3,6.0000000000000001E-3,6.0000000000000001E-3,6.0000000000000001E-3]
["A6","Salário Educação",2.5000000000000001E-2,2.5000000000000001E-2,2.5000000000000001E-2,2.5000000000000001E-2]
["A7","Seguro Contra Acidente de Trabalho",0.03,0.03,0.03,0.03]
["A8","FGTS",0.08,0.08,0.08,0.08]
["A9","SECONCI",0.01,0.01,0.01,0.01]
["SUBTOTAL DE “A”:",null,0.17799999999999999,0.17799999999999999,0.37800000000000006,0.37800000000000006,{"$nulls":7}," "]
["B","ENCARGOS SOCIAIS QUE RECEBEM INCIDÊNCIA DE “A”"]
["B1","Repouso Semanal Remunerado",0.1787,"Não incide",0.1787,"Não incide"]
["B2","Feriados",3.95E-2,"Não incide",3.95E-2,"Não incide"]
["B3","Auxílio-Enfermidade",8.5000000000000006E-3,6.6E-3,8.5000000000000006E-3,6.6E-3]
["B4","13º Salário",0.1084,8.3299999999999999E-2,0.1084,8.3299999999999999E-2]
["B5","Licença Paternidade",6.9999999999999999E-4,5.9999999999999995E-4,6.9999999999999999E-4,5.9999999999999995E-4]
["B6","Faltas Justificadas",7.1999999999999998E-3,5.5999999999999999E-3,7.1999999999999998E-3,5.5999999999999999E-3]
["B7","Dias de Chuva",1.4800000000000001E-2,"Não incide",1.4800000000000001E-2,"Não incide"]
["B8","Auxílio Acidente de Trabalho",1E-3,8.0000000000000004E-4,1E-3,8.0000000000000004E-4]
["B9","Férias Gozadas",9.1300000000000006E-2,7.0199999999999999E-2,9.1300000000000006E-2,7.0199999999999999E-2]
["B10","Salário Maternidade",2.9999999999999997E-4,2.0000000000000001E-4,2.9999999999999997E-4,2.0000000000000001E-4]
["SUBTOTAL DE “B”:",null,0.45039999999999997,0.16729999999999998,0.45039999999999997,0.16729999999999998]
["C","ENCARGOS SOCIAIS QUE NÃO RECEBEM INCIDÊNCIA DE “A”"]
["C1","Aviso Prévio Indenizado",4.4900000000000002E-2,3.4599999999999999E-2,4.4900000000000002E-2,3.4599999999999999E-2]
["C2","Aviso Prévio Trabalhado",1.1000000000000001E-3,8.0000000000000004E-4,1.1000000000000001E-3,8.0000000000000004E-4]
["C3","Férias Indenizadas",4.5400000000000003E-2,3.49E-2,4.5400000000000003E-2,3.49E-2]
["C4","Depósito Rescisão Sem Justa Causa",3.1099999999999999E-2,2.3900000000000001E-2,3.1099999999999999E-2,2.3900000000000001E-2]
["C5","Indenização Adicional",3.8E-3,2.8999999999999998E-3,3.8E-3,2.8999999999999998E-3]
["SUBTOTAL DE “C”:",null,0.12630000000000002,9.7100000000000006E-2,0.12630000000000002,9.7100000000000006E-2]
["D","REINCIDÊNCIAS DE UM GRUPO SOBRE O OUTRO"]
["D1","Reincidência de “A” sobre “B”",8.0199999999999994E-2,2.98E-2,0.17030000000000001,6.3200000000000006E-2]
["D2","Reincidência de Grupo A sobre Aviso Prévio Trabalhado e Reincidência do FGTS sobre Aviso Prévio Indenizado",3.8E-3,2.8999999999999998E-3,4.0000000000000001E-3,3.0999999999999999E-3]
["SUBTOTAL DE “D”:",null,8.3999999999999991E-2,3.27E-2,0.17430000000000001,6.6300000000000012E-2]
["TOTAIS DE ENCARGOS SOCIAIS:",null,0.8387,0.47509999999999997,1.129,0.70870000000000011]
[]
[null,"Fonte: Informação dias de chuva: INMET"]